000 00415nam a2200157Ia 4500
008 210210b1988 xxu||||| |||| 00| 0 eng d
020 _a81 207 0667 6
082 _a959.7 SHAV
100 _aSHARMA (Ritu).
245 _aVietnam: lands and peoples of the world.
260 _aNew Delhi.
_bSterling Publishers Pvt Ltd.,
_c1988
300 _a147
650 _aVietnam
690 _aAsian History
906 _a041464
999 _c91536
_d91536